000 00251nam a22000977a 4500
008 240219b |||||||| |||| 00| 0 eng d
082 _aA COLL Ej.2
100 1 0 _aCole, Babette
_eautor
_942655
245 _aEl libro apestoso /
_cBabette Cole
942 _2ddc
999 _c30608
_d16992